000 01082nam a22003737a 4500
001 0072724
003 KOHA_MİRAKIL
005 20260207005107.0
007 ta
008 241223b2023 tu |||gr||||#0|||0|tur |
020 _a9789750289606
040 _aTR-BiSEU
_btur
_cTR-BiSEU
_erda
041 0 _atur
044 _ctu
050 _aKKX3790
_b.O74 2023
100 1 _aOrhan, Uğur.
245 1 _aSuçun maddi konusu/
_cUğur Orhan ; Uğur Orhan.
264 1 _aAnkara :
_bSeçkin Yayıncılık
_c2023
300 _a194 sayfa; 24 cm.
336 _ametin
_btxt
_2rdacontent
337 _aaracısız
_bn
_2rdamedia
338 _acilt
_bnc
_2rdacarrier
490 1 _aSeçkin yayınları ;
_v3520
500 _aKaynakça ve dizin var.
650 0 _aCeza hukuku.
_922821
650 0 _aSuç.
_9130460
650 0 _aCeza hukuku--Genel hükümler.
_9145365
650 0 _aCriminal law.
_922822
650 0 _aCrime.
_955830
650 0 _aCriminal law--General provisions.
_9145367
830 1 _aSeçkin yayınları ;
_v3520
_987959
907 _aHukuk
942 _2lcc
_cBK
999 _c73479
_d73479